Defective construction work and the project team (Record no. 108461)

MARC details
000 -LEADER
fixed length control field 01846cam a22002655a 4500
001 - CONTROL NUMBER
control field L144334
008 - FIXED-LENGTH DATA ELEMENTS--GENERAL INFORMATION
fixed length control field 080710s2008 xxk f lv 000 0 eng d
020 ## - INTERNATIONAL STANDARD BOOK NUMBER
International Standard Book Number 9780632059294
035 ## - SYSTEM CONTROL NUMBER
System control number (Sirsi) u144334
041 0# - LANGUAGE CODE
Language code of text/sound track or separate title eng
050 04 - LIBRARY OF CONGRESS CALL NUMBER
Classification number 343.07862 $2 22
100 1# - MAIN ENTRY--PERSONAL NAME
Personal name Barrett, Kevin
245 00 - TITLE STATEMENT
Title Defective construction work and the project team
260 ## - PUBLICATION, DISTRIBUTION, ETC.
Place of publication, distribution, etc. London
Name of publisher, distributor, etc. Wiley-Blackwell
Date of publication, distribution, etc. 2008
300 ## - PHYSICAL DESCRIPTION
Extent x, 214 p.
Dimensions 26 cm.
350 ## - PRICE (NR) (BK AM CF MU VM SE) [OBSOLETE]
Price 65.00
505 2# - FORMATTED CONTENTS NOTE
Formatted contents note Definition and categorisation of defects -- Common law, statutory and contractual rights -- Contracts: an overview -- No contract/restitution -- letters of intent -- Tort: an overview -- The Defective Premises Act 1972 -- Third party rights -- Statutory requirements -- The builder's obligations: design, workmanship and materials -- The builder's obligations: defects before completion -- The builder's obligations: defects post completion -- The professional team -- Architects and engineers -- Project managers, surveyors and others -- Compensation -- Termination -- Limitation -- Dispute resolution
520 ## - SUMMARY, ETC.
Summary, etc. Analyses the responsibilities and liabilities of a project team in defective construction work. Outlines the background role of the common law and statute. Discusses in detail case law affecting the construction process from beginning to the final stage. Considers the impacts of letters of patent. Presents situations where no contract was signed. Provides model conditions of contracts. Written by a solicitor with over twenty years of experience in legal dispute. Contains a table of cases and of statutes.
590 ## - LOCAL NOTE (RLIN)
Local note KA
651 #4 - SUBJECT ADDED ENTRY--GEOGRAPHIC NAME
Geographic name England and Wales
Chronological subdivision 1543-
690 ## - LOCAL SUBJECT ADDED ENTRY--TOPICAL TERM (OCLC, RLIN)
Topical term or geographic name as entry element BUILT ENVIRONMENT-BUILDING PATHOLOGY
690 ## - LOCAL SUBJECT ADDED ENTRY--TOPICAL TERM (OCLC, RLIN)
Topical term or geographic name as entry element MANAGEMENT-DISPUTE AVOIDANCE, MANAGEMENT AND RESOLUTION-DISPUTE MANAGEMENT AND RESOLUTION
942 ## - ADDED ENTRY ELEMENTS (KOHA)
Suppress in OPAC 0
Holdings
Withdrawn status Lost status Source of classification or shelving scheme Damaged status Not for loan Home library Current library Shelving location Date acquired Total Checkouts Full call number Barcode Date last seen Date last checked out Copy number Price effective from Koha item type
    Dewey Decimal Classification     London London Books 07/10/2008 10 343.078624 BAR 30076157 06/08/2019 21/12/2009 2 06/08/2019 Book